La Transicin̤ a la competencia : sus costes y sus posibles compensaciones : un estudio crt̕ico /

Bibliographic Details
Main Author: Gm̤ez-Ferrer Rincn̤, Rafael
Corporate Author: Instituto Nacional de Administracin̤ Pb︢lica (Espaą)
Format: Book
Language:Spanish
Published: [Madrid] : Instituto Nacional de Administracin̤ Pb︢lica ; 2003
Series:Derecho
Subjects:
Online Access:Acceso restringido

MARC

LEADER 00000nam a2200000 a 4500
005 20110714111217.0
008 040422s2003 sp |||||| 000 ||spa|c
017 |a DL M. 49938-2003 
020 |a 8470887394 (Instituto Nacional de Administracin̤ Pb︢lica) 
035 |a 5634 
040 |d vLex 
080 |a 338.465.025.88(460) 
080 |a 346.546(460) 
090 |c 2222  |d 2222 
100 1 |a Gm̤ez-Ferrer Rincn̤, Rafael 
245 1 3 |a La Transicin̤ a la competencia :  |b sus costes y sus posibles compensaciones : un estudio crt̕ico /  |c Rafael Gm̤ez-Ferrer Rincn̤ ; prl̤ogo de Toms̀-Ramn̤ Fernǹdez  |h [Recurso electrn̤ico] 
256 |a Servicio en ln̕ea. 
260 |a [Madrid] :  |b Instituto Nacional de Administracin̤ Pb︢lica ;  |c 2003 
300 |a 428 p.;  |c 24 cm 
490 1 |a Derecho 
504 |a Bibliografa̕: p. [409]-419 
506 1 |a Contenido solo disponible en los productos indicados  |d vLex Global  |d vLex Global (Academic Edition, excluding Law Schools)  |d vLex Global (U.S. Academic Edition, Law Schools)  |d vLex Global (U.S. Academic Edition, excluding Law Schools)  |d vLex Global (Academic Edition, Law Schools) 
650 0 7 |a Inspeccin̤ de servicios pb︢licos  |2 Tesauro vLex 
650 0 7 |2 Tesauro vLex  |a Telecomunicaciones 
650 0 7 |2 Tesauro vLex  |a Servicios pb︢licos 
650 0 7 |2 Tesauro vLex  |a Gestin̤ de servicios pb︢licos 
710 2 |a Instituto Nacional de Administracin̤ Pb︢lica (Espaą) 
740 0 |a vLex Libros (Servicio en ln̕ea) 
856 4 0 |u http://vlex.com/source/transicion-competencia-costes-compensaciones-5634  |z Acceso restringido 
942 |c BOOK